Geometry Dash - Most Downloaded 2.1 Levels - Statistics

General Stats
  • This quiz has been taken 34 times
    7 since last reset
  • The average score is 9 of 20
Answer Stats
Publisher Difficulty ID Answer Downloads % Correct
Voxicat Easy Demon 89886591 iSpyWithMyLittleEye 69,000,000
100%
motleyorc Medium Demon 34085027 B 24,500,000
80%
Knobbelboy Extreme Demon 42584142 Bloodlust 49,500,000
80%
JonathanGD Hard Demon 44062068 Future Funk 34,800,000
80%
rafer Harder 43908596 SLAM 46,900,000
80%
DavJT Insane Demon 73725400 CraZy III 22,200,000
60%
haoN Easy Demon 38427291 Extinction 53,900,000
60%
TheRealSalad Hard 29424929 Phantom 38,900,000
60%
Skitten Harder 29416734 Aquarius 24,800,000
40%
alkali Insane 29519341 dinosaur 45,700,000
40%
izhar Normal 30468868 LETs GO 27,800,000
40%
Unzor Harder 56199846 Sunshine 34,600,000
40%
DesTicY Insane 44121158 Ghoul 43,400,000
20%
DzRAS Hard 28794068 ichor 27,800,000
20%
izhar Normal 31280642 LETs  RUN 32,000,000
20%
G4lvatron Hard 37188385 Lustre 31,000,000
20%
Darwin Hard 40638411 Mind Control 36,600,000
20%
BranSilver Harder 37269362 Schade 26,300,000
20%
AceVict Harder 28648621 Secrets 24,700,000
20%
jackaezie Insane 57436521 YOUVE BEEN TROLLED 23,000,000
20%
No matching quizzes found
Score Distribution
Percent of People with Each Score
Percentile by Number Answered
Your Score History
You have not taken this quiz since the last reset